Glencoe geometry : (Record no. 17125)

000 -LEADER
fixed length control field 00541nam a2200169Ia 4500
020 ## - INTERNATIONAL STANDARD BOOK NUMBER
ISBN 0078228824 (teacher's wraparound ed.)
040 ## - CATALOGING SOURCE
Transcribing agency UUW
082 ## - DEWEY DECIMAL CLASSIFICATION NUMBER
Classification number 516 GLE 2001 A008 Or.
245 00 - TITLE STATEMENT
Title Glencoe geometry :
Remainder of title integration, applications, connections /
246 30 - VARYING FORM OF TITLE
Title proper/short title Geometry, integration, applications, connections
260 ## - PUBLICATION, DISTRIBUTION, ETC. (IMPRINT)
Place of publication New York :
Name of publisher Glencoe/McGraw-Hill,
Year of publication c2001
300 ## - PHYSICAL DESCRIPTION
Number of Pages xviii, 910 p. :
Other physical details col. ill. ;
Dimensions 29 cm. +
Accompanying material 1 teacher's ed
500 ## - GENERAL NOTE
General note Includes index
650 #0 - SUBJECT ADDED ENTRY--TOPICAL TERM
Topical Term Geometry
700 1# - ADDED ENTRY--PERSONAL NAME
Personal name Boyd, Cindy J
942 ## - ADDED ENTRY ELEMENTS (KOHA)
Koha item type សៀវភៅភាសាអង់គ្លេស

No items available.

មជ្ឈមណ្ឌលឯការនៃសាកលវិទ្យាល័យភូមិន្ទកសិកម្មចំការដូង

Powered by Koha